000 00282 a2200121 4500
001 147097
040 _cEscola São Tomás de Aquino
100 _aMACHADO, Ana Maria
240 1 0 _aUm dia desses...
_lpor
245 1 0 _aUm dia desses...
697 _a*LITERATURA INFANTO
942 _cBK
999 _c147097
_d147097